000 00489nam a2200145 i 4500
001 73058
003 ES-MaACL
007 t|
008 040906s1948 sp ||||1| spa d
100 1 _aGoldschmidt, Werner.
_957681
245 1 0 _aSistema y filosofía del Derecho internacional privado
_b: con especial consideración del Dercho internacional privado español /
_cWerner Goldschmidt.
260 _aBarcelona :
_bBosch,
_c[1948]
300 _a1 v. ;
_c23 cm.
852 _aES-MaACL
_jP-839-bis
999 _c73058
_d73058